<?xml version="1.0" encoding="UTF-8"?>
<collection xmlns="http://www.loc.gov/MARC21/slim">
 <record>
  <leader>02562nam a22004091  4500</leader>
  <controlfield tag="001">1/49942</controlfield>
  <controlfield tag="008">980318suuuu    gr       e    001 0 gre d</controlfield>
  <datafield tag="035" ind1=" " ind2=" ">
   <subfield code="l">22123</subfield>
  </datafield>
  <datafield tag="040" ind1=" " ind2=" ">
   <subfield code="a">GR-PeUP</subfield>
  </datafield>
  <datafield tag="082" ind1="0" ind2="0">
   <subfield code="a">030 ΚΟ</subfield>
  </datafield>
  <datafield tag="090" ind1=" " ind2=" ">
   <subfield code="a">R 030 ΚΟ</subfield>
  </datafield>
  <datafield tag="245" ind1="0" ind2="0">
   <subfield code="a">Κοσμογνωσία.</subfield>
  </datafield>
  <datafield tag="250" ind1=" " ind2=" ">
   <subfield code="a">4η έκδοση.</subfield>
  </datafield>
  <datafield tag="260" ind1=" " ind2=" ">
   <subfield code="a">Αθήναι:</subfield>
   <subfield code="b">Χάρη Ζολινδάκη</subfield>
  </datafield>
  <datafield tag="300" ind1=" " ind2=" ">
   <subfield code="a">20τ.;</subfield>
   <subfield code="c">34 εκ.</subfield>
  </datafield>
  <datafield tag="500" ind1=" " ind2=" ">
   <subfield code="a">Περιέχει ευρετήριο.</subfield>
  </datafield>
  <datafield tag="650" ind1=" " ind2="4">
   <subfield code="a">Εγκυκλοπαίδειες.</subfield>
  </datafield>
  <datafield tag="852" ind1=" " ind2=" ">
   <subfield code="a">INST</subfield>
   <subfield code="b">UNIPILB</subfield>
   <subfield code="c">REF</subfield>
   <subfield code="e">20040709</subfield>
   <subfield code="h">030 ΚΟ</subfield>
   <subfield code="p">00128525</subfield>
   <subfield code="q">00128525</subfield>
   <subfield code="t">NOLOAN</subfield>
   <subfield code="v">τ.1:</subfield>
   <subfield code="y">23</subfield>
   <subfield code="z">τ.1</subfield>
   <subfield code="4">1</subfield>
  </datafield>
  <datafield tag="852" ind1=" " ind2=" ">
   <subfield code="a">INST</subfield>
   <subfield code="b">UNIPILB</subfield>
   <subfield code="c">REF</subfield>
   <subfield code="e">20040709</subfield>
   <subfield code="h">030 ΚΟ</subfield>
   <subfield code="p">00128526</subfield>
   <subfield code="q">00128526</subfield>
   <subfield code="t">NOLOAN</subfield>
   <subfield code="v">τ.2:</subfield>
   <subfield code="y">23</subfield>
   <subfield code="z">τ.2</subfield>
   <subfield code="4">1</subfield>
  </datafield>
  <datafield tag="852" ind1=" " ind2=" ">
   <subfield code="a">INST</subfield>
   <subfield code="b">UNIPILB</subfield>
   <subfield code="c">REF</subfield>
   <subfield code="e">20040709</subfield>
   <subfield code="h">030 ΚΟ</subfield>
   <subfield code="p">00128527</subfield>
   <subfield code="q">00128527</subfield>
   <subfield code="t">NOLOAN</subfield>
   <subfield code="v">τ.3:</subfield>
   <subfield code="y">23</subfield>
   <subfield code="z">τ.3</subfield>
   <subfield code="4">1</subfield>
  </datafield>
  <datafield tag="852" ind1=" " ind2=" ">
   <subfield code="a">INST</subfield>
   <subfield code="b">UNIPILB</subfield>
   <subfield code="c">REF</subfield>
   <subfield code="e">20040709</subfield>
   <subfield code="h">030 ΚΟ</subfield>
   <subfield code="p">00128528</subfield>
   <subfield code="q">00128528</subfield>
   <subfield code="t">NOLOAN</subfield>
   <subfield code="v">τ.4:</subfield>
   <subfield code="y">23</subfield>
   <subfield code="z">τ.4</subfield>
   <subfield code="4">1</subfield>
  </datafield>
  <datafield tag="852" ind1=" " ind2=" ">
   <subfield code="a">INST</subfield>
   <subfield code="b">UNIPILB</subfield>
   <subfield code="c">REF</subfield>
   <subfield code="e">20040709</subfield>
   <subfield code="h">030 ΚΟ</subfield>
   <subfield code="p">00128529</subfield>
   <subfield code="q">00128529</subfield>
   <subfield code="t">NOLOAN</subfield>
   <subfield code="v">τ.5:</subfield>
   <subfield code="y">23</subfield>
   <subfield code="z">τ.5</subfield>
   <subfield code="4">1</subfield>
  </datafield>
  <datafield tag="852" ind1=" " ind2=" ">
   <subfield code="a">INST</subfield>
   <subfield code="b">UNIPILB</subfield>
   <subfield code="c">REF</subfield>
   <subfield code="e">20040709</subfield>
   <subfield code="h">030 ΚΟ</subfield>
   <subfield code="p">00128530</subfield>
   <subfield code="q">00128530</subfield>
   <subfield code="t">NOLOAN</subfield>
   <subfield code="v">τ.6:</subfield>
   <subfield code="y">23</subfield>
   <subfield code="z">τ.6</subfield>
   <subfield code="4">1</subfield>
  </datafield>
  <datafield tag="852" ind1=" " ind2=" ">
   <subfield code="a">INST</subfield>
   <subfield code="b">UNIPILB</subfield>
   <subfield code="c">REF</subfield>
   <subfield code="e">20040709</subfield>
   <subfield code="h">030 ΚΟ</subfield>
   <subfield code="p">00128531</subfield>
   <subfield code="q">00128531</subfield>
   <subfield code="t">NOLOAN</subfield>
   <subfield code="v">τ.7:</subfield>
   <subfield code="y">23</subfield>
   <subfield code="z">τ.7</subfield>
   <subfield code="4">1</subfield>
  </datafield>
  <datafield tag="852" ind1=" " ind2=" ">
   <subfield code="a">INST</subfield>
   <subfield code="b">UNIPILB</subfield>
   <subfield code="c">REF</subfield>
   <subfield code="e">20040709</subfield>
   <subfield code="h">030 ΚΟ</subfield>
   <subfield code="p">00128532</subfield>
   <subfield code="q">00128532</subfield>
   <subfield code="t">NOLOAN</subfield>
   <subfield code="v">τ.8:</subfield>
   <subfield code="y">23</subfield>
   <subfield code="z">τ.8</subfield>
   <subfield code="4">1</subfield>
  </datafield>
  <datafield tag="852" ind1=" " ind2=" ">
   <subfield code="a">INST</subfield>
   <subfield code="b">UNIPILB</subfield>
   <subfield code="c">REF</subfield>
   <subfield code="e">20040709</subfield>
   <subfield code="h">030 ΚΟ</subfield>
   <subfield code="p">00128533</subfield>
   <subfield code="q">00128533</subfield>
   <subfield code="t">NOLOAN</subfield>
   <subfield code="v">τ.9:</subfield>
   <subfield code="y">23</subfield>
   <subfield code="z">τ.9</subfield>
   <subfield code="4">1</subfield>
  </datafield>
  <datafield tag="852" ind1=" " ind2=" ">
   <subfield code="a">INST</subfield>
   <subfield code="b">UNIPILB</subfield>
   <subfield code="c">REF</subfield>
   <subfield code="e">20040709</subfield>
   <subfield code="h">030 ΚΟ</subfield>
   <subfield code="p">00128534</subfield>
   <subfield code="q">00128534</subfield>
   <subfield code="t">NOLOAN</subfield>
   <subfield code="v">τ.10:</subfield>
   <subfield code="y">23</subfield>
   <subfield code="z">τ.10</subfield>
   <subfield code="4">1</subfield>
  </datafield>
  <datafield tag="852" ind1=" " ind2=" ">
   <subfield code="a">INST</subfield>
   <subfield code="b">UNIPILB</subfield>
   <subfield code="c">REF</subfield>
   <subfield code="e">20040709</subfield>
   <subfield code="h">030 ΚΟ</subfield>
   <subfield code="p">00128535</subfield>
   <subfield code="q">00128535</subfield>
   <subfield code="t">NOLOAN</subfield>
   <subfield code="v">τ.11:</subfield>
   <subfield code="y">23</subfield>
   <subfield code="z">τ.11</subfield>
   <subfield code="4">1</subfield>
  </datafield>
  <datafield tag="852" ind1=" " ind2=" ">
   <subfield code="a">INST</subfield>
   <subfield code="b">UNIPILB</subfield>
   <subfield code="c">REF</subfield>
   <subfield code="e">20040709</subfield>
   <subfield code="h">030 ΚΟ</subfield>
   <subfield code="p">00128536</subfield>
   <subfield code="q">00128536</subfield>
   <subfield code="t">NOLOAN</subfield>
   <subfield code="v">τ.12:</subfield>
   <subfield code="y">23</subfield>
   <subfield code="z">τ.12</subfield>
   <subfield code="4">1</subfield>
  </datafield>
  <datafield tag="852" ind1=" " ind2=" ">
   <subfield code="a">INST</subfield>
   <subfield code="b">UNIPILB</subfield>
   <subfield code="c">REF</subfield>
   <subfield code="e">20040709</subfield>
   <subfield code="h">030 ΚΟ</subfield>
   <subfield code="p">00128537</subfield>
   <subfield code="q">00128537</subfield>
   <subfield code="t">NOLOAN</subfield>
   <subfield code="v">τ.13:</subfield>
   <subfield code="y">23</subfield>
   <subfield code="z">τ.13</subfield>
   <subfield code="4">1</subfield>
  </datafield>
  <datafield tag="852" ind1=" " ind2=" ">
   <subfield code="a">INST</subfield>
   <subfield code="b">UNIPILB</subfield>
   <subfield code="c">REF</subfield>
   <subfield code="e">20040709</subfield>
   <subfield code="h">030 ΚΟ</subfield>
   <subfield code="p">00128538</subfield>
   <subfield code="q">00128538</subfield>
   <subfield code="t">NOLOAN</subfield>
   <subfield code="v">τ.14:</subfield>
   <subfield code="y">23</subfield>
   <subfield code="z">τ.14</subfield>
   <subfield code="4">1</subfield>
  </datafield>
  <datafield tag="852" ind1=" " ind2=" ">
   <subfield code="a">INST</subfield>
   <subfield code="b">UNIPILB</subfield>
   <subfield code="c">REF</subfield>
   <subfield code="e">20040709</subfield>
   <subfield code="h">030 ΚΟ</subfield>
   <subfield code="p">00128539</subfield>
   <subfield code="q">00128539</subfield>
   <subfield code="t">NOLOAN</subfield>
   <subfield code="v">τ.15:</subfield>
   <subfield code="y">23</subfield>
   <subfield code="z">τ.15</subfield>
   <subfield code="4">1</subfield>
  </datafield>
  <datafield tag="852" ind1=" " ind2=" ">
   <subfield code="a">INST</subfield>
   <subfield code="b">UNIPILB</subfield>
   <subfield code="c">REF</subfield>
   <subfield code="e">20040709</subfield>
   <subfield code="h">030 ΚΟ</subfield>
   <subfield code="p">00128540</subfield>
   <subfield code="q">00128540</subfield>
   <subfield code="t">NOLOAN</subfield>
   <subfield code="v">τ.16:</subfield>
   <subfield code="y">23</subfield>
   <subfield code="z">τ.16</subfield>
   <subfield code="4">1</subfield>
  </datafield>
  <datafield tag="852" ind1=" " ind2=" ">
   <subfield code="a">INST</subfield>
   <subfield code="b">UNIPILB</subfield>
   <subfield code="c">REF</subfield>
   <subfield code="e">20040709</subfield>
   <subfield code="h">030 ΚΟ</subfield>
   <subfield code="p">00128541</subfield>
   <subfield code="q">00128541</subfield>
   <subfield code="t">NOLOAN</subfield>
   <subfield code="v">τ.17:</subfield>
   <subfield code="y">23</subfield>
   <subfield code="z">τ.17</subfield>
   <subfield code="4">1</subfield>
  </datafield>
  <datafield tag="852" ind1=" " ind2=" ">
   <subfield code="a">INST</subfield>
   <subfield code="b">UNIPILB</subfield>
   <subfield code="c">REF</subfield>
   <subfield code="e">20040709</subfield>
   <subfield code="h">030 ΚΟ</subfield>
   <subfield code="p">00128542</subfield>
   <subfield code="q">00128542</subfield>
   <subfield code="t">NOLOAN</subfield>
   <subfield code="v">τ.18:</subfield>
   <subfield code="y">23</subfield>
   <subfield code="z">τ.18</subfield>
   <subfield code="4">1</subfield>
  </datafield>
  <datafield tag="852" ind1=" " ind2=" ">
   <subfield code="a">INST</subfield>
   <subfield code="b">UNIPILB</subfield>
   <subfield code="c">REF</subfield>
   <subfield code="e">20040709</subfield>
   <subfield code="h">030 ΚΟ</subfield>
   <subfield code="p">00128543</subfield>
   <subfield code="q">00128543</subfield>
   <subfield code="t">NOLOAN</subfield>
   <subfield code="v">τ.19:</subfield>
   <subfield code="y">23</subfield>
   <subfield code="z">τ.19</subfield>
   <subfield code="4">1</subfield>
  </datafield>
  <datafield tag="852" ind1=" " ind2=" ">
   <subfield code="a">INST</subfield>
   <subfield code="b">UNIPILB</subfield>
   <subfield code="c">REF</subfield>
   <subfield code="e">20040709</subfield>
   <subfield code="h">030 ΚΟ</subfield>
   <subfield code="p">00128544</subfield>
   <subfield code="q">00128544</subfield>
   <subfield code="t">NOLOAN</subfield>
   <subfield code="v">τ.20:</subfield>
   <subfield code="y">23</subfield>
   <subfield code="z">τ.20</subfield>
   <subfield code="4">1</subfield>
  </datafield>
 </record>
</collection>
